| 000 | 00615nam a2200205 a 4500 | ||
|---|---|---|---|
| 001 | 3589 | ||
| 005 | 20140414132023.0 | ||
| 008 | 040603s19uu xx 00 eng d | ||
| 020 | _a0-395-20503-4 | ||
| 050 |
_aTR _bIR1 2000 |
||
| 100 | _aWaber, Bernard | ||
| 245 |
_aIra sleeps over / _cBernard Waber. |
||
| 260 |
_aBoston : _bHoughton Mifflin, _c2000. |
||
| 300 | _a1 v.p. : ill. ; cm. | ||
| 500 | _aTR/PS | ||
| 520 | _aI was invited to sleep at Regine's house. Was I happy! I had never slept at a friend's house before. | ||
| 650 |
_aSleepover _xFiction. |
||
| 650 | _aChildren stories. | ||
| 999 |
_c113502 _d113502 |
||